00289pab a2200121 454500008004000000100001700040245003400057260000900091300001200100362001000112650001100122773003400133180718b2009 xxu||||| |||| 00| 0 eng d aDesai, Mihir aRed herring in police reforms c2009 ap.8-11. a7 Mar aPolice aEconomic and Political Weekly